The regulators (Registo nº 17044)

Detalhes MARC
000 -Etiqueta do registo
campo de controlo de comprimento fixo 005270000a22001810004500
001 - Identificador do registo
Campo de controlo 17044
010 ## - ISBN
Número (ISBN) 0-340-67176-9
100 ## - Dados Gerais de Proc.
Dados gerais de processamento 20050607d1996 m y0pory5003 ba
101 0# - Língua da publicação
Língua do texto, banda sonora, etc. Inglês
102 ## - País de Publicação
País de publicação Reino Unido
200 1# - Título
Título próprio The regulators
Primeira menção de responsabilidade Richard Bachman
210 ## - Publicação, Distribuição
Lugar da edição, distribuição, etc. London
Nome do editor, distribuidor, etc. Hodder & Stoughton
Data da publicação, distribuição, etc. 1996
215 ## - Descrição física
Descrição física 327, [7] p.
675 ## - CDU
Notação 821.111(73)-31"19"
Edição BN
Língua da edição Português
700 #1 - Responsabilidade principal
Palavra de ordem Bachman
Outra parte do nome Richard
Datas 1947-1985
090 ## - Números de controlo do sistema (Koha)
Número biblioitem do Koha (gerado automaticamente) 17044
942 ## - Elementos de entrada adicionados (Koha)
Tipo de item no Koha Monografias
Suprimido Disponível no OPAC
999 ## - Campo local
Campo local 17044
-- Bibliobase - BMTAV
-- 2019-01-21
Exemplares
Removido (estado) Perdido (estado) Data de aquisição Origem do registo (biblioteca) (codificado) Código da organização que empresta ou é detentora (biblioteca) Código de barras Local Número de inventário Cota Data de empréstimo ou depósito Tipo de circulação (não pode ser emprestado) Tipo de item e material
Disponível Disponível 2005-06-07 Biblioteca Municipal Álvaro de Campos Biblioteca Municipal Álvaro de Campos BMTAV32655 Sala de Adultos 32655 R12 BAC 2019-05-07 Normal Monografias